Science Quiz

Random Science or Clickable Quiz

Element to Symbol Match Quiz Stats

 Plays Quiz Updated Dec 1, 2016

Also try: Ancient Elements
Challenge
Share
Tweet
Embed
Score 0/118 Timer 10:00
8 Plays Today
% Correct
O
78.8%
U
78.4%
Xe
78.4%
Li
78.3%
Zn
78.2%
H
78.1%
Al
77.7%
I
77.5%
Cl
77.4%
Mg
77.1%
He
77%
V
77%
Co
76.8%
Ga
76.8%
Ge
76.6%
Am
76.4%
Os
76.3%
Ba
76.2%
Zr
76.2%
Br
76.1%
C
76%
Y
75.7%
Ti
75.7%
Ca
75.6%
Ra
75.6%
In
75.6%
Bi
75.6%
Er
75.5%
Db
75.4%
Ir
75.4%
Ne
75.1%
Be
75%
Sc
74.9%
Hf
74.9%
S
74.9%
Fr
74.8%
Es
74.7%
Ho
74.6%
La
74.5%
Lu
74.5%
% Correct
N
74.5%
Rh
74.4%
Eu
74.3%
Kr
74.1%
Se
74%
Ar
73.5%
B
73.3%
Si
73.2%
Ni
73.2%
Po
73.1%
Hs
72.5%
Ds
72.3%
Dy
72%
Sm
71.6%
Th
71.7%
Ac
71.5%
Fe
71.4%
Bh
71.3%
Na
70.9%
K
70.3%
Au
70%
P
69.1%
Ru
68.2%
Mn
67.9%
Mt
67.8%
Pb
66.9%
Sr
66.9%
Cd
66.8%
Ce
66.5%
Mo
66.4%
Ta
66.2%
Fl
66.2%
Cu
66%
Bk
65.7%
Ag
64.8%
Gd
64.7%
Md
63.8%
Yb
63.4%
Lv
63.4%
Np
63.2%
% Correct
Cr
62.4%
Og
61%
Pt
60.3%
Pr
59.4%
Te
58.9%
Nd
58.7%
Hg
58.2%
Fm
57.6%
As
57.6%
Nb
57.1%
Rb
56.9%
No
56.5%
Lr
55.8%
Cf
54.8%
Rg
54.4%
F
53.9%
Tc
53.6%
Rf
50.9%
Tb
50.8%
Sn
49.6%
Nh
49.4%
W
47.8%
Cs
47.4%
Pu
46.8%
Rn
46.6%
At
45.5%
Cm
42.1%
Cn
42%
Pm
41.2%
Mc
40.2%
Ts
38.3%
Re
35.4%
Sg
34.2%
Tm
32.4%
Pd
31.6%
Tl
30%
Sb
28%
Pa
16.6%

You're not logged in!

Compare scores with friends on all Sporcle quizzes.
Join for Free
OR
Log In

You Might Also Like...

Show Comments

Extras

Top Quizzes Today


Score Distribution

Your Account Isn't Verified!

In order to create a playlist on Sporcle, you need to verify the email address you used during registration. Go to your Sporcle Settings to finish the process.

Report this User

Report this user for behavior that violates our Community Guidelines.

Details: